Bilecik Bilecik Bilecik Bilecik Bilecik

Osmanlı paleografyası ve Osmanlı diplomatikası/ (Record no. 48749)

MARC details
000 -BAŞLIK
Sabit Uzunluktaki Kontrol Alanı 01223nam a22003977a 4500
001 - KONTROL NUMARASI
Control Dosyası 0048910
003 - KONTROL NUMARASI KİMLİĞİ
Kontrol Alanı KOHA_MİRAKIL
005 - EN SON İŞLEM TARİHİ ve ZAMANI
Kontrol Alanı 20260207003632.0
007 - FİZİKSEL TANIM SABİT ALAN - GENEL BİLGİ
Sabit uzunluklu kontrol alanı ta
008 - SABİT UZUNLUKTAKİ VERİ ÖGELERİ - GENEL BİLGİ
Sabit Alan 150629b2013 tu a|||gr||||#||||0|tur |
020 ## - ISBN - ULUSLARARASI STANDART KİTAP NUMARASI
Isbn 9786055413644
020 ## - ISBN - ULUSLARARASI STANDART KİTAP NUMARASI
Isbn
-- 6055413647
040 ## - KATALOGLAMA KAYNAĞI
Özgün Kataloglama Kurumu TR-BiSEU
Kataloglama Dili tur
Çeviri Kurumu TR-BiSEU
Açıklama Kuralları rda
041 0# - DİL KODU
Metin ya da ses kaydının dil kodu tur
044 ## - YAYINLAYAN/ÜRETEN KURULUŞUN ÜLKE KODU
ISO country code tu
050 ## - SINIFLAMA ve YER NUMARASI
Sınıflama Numarası CD251
Yer Numarası .K87 2013
100 1# - KİŞİ ADI
Yazar Adı (Kişi adı) Kurt, Yılmaz.
245 1# - ESER ADI BİLDİRİMİ
Başlık Osmanlı paleografyası ve Osmanlı diplomatikası/
Sorumluluk Bildirimi Yılmaz Kurt ; Yılmaz Kurt, Muhammed Ceyhan.
250 ## - BASIM BİLDİRİMİ
Basım Bildirimi 2. Basım
264 #1 - ÜRERİM, YAYIN, DAĞITIM ve TELİF BİLDİRİMİ
Yayın yeri :
Yayınlayan
Yayın tarihi 2013
300 ## - FİZİKSEL TANIMLAMA
Sayfa, Cilt vb. 300 sayfa :
Diğer fiziki detaylar resimli ;
Boyutları 28 cm.
336 ## - İÇERİK TÜRÜ
Content type term metin
Content type code txt
Source rdacontent
337 ## - MEDYA TÜRÜ
Media type term aracısız
Media type code n
Source rdamedia
338 ## - TAŞIYICI TÜRÜ
Carrier type term cilt
Carrier type code nc
Source rdacarrier
490 1# - DİZİ BİLDİRİMİ
Dizi Bildirimi Akçağ yayınları ;
Cilt Numarası 1056.
490 1# - DİZİ BİLDİRİMİ
Dizi Bildirimi Türk dili ve dilbilimi ;
Cilt Numarası 48.
500 ## - GENEL NOT
Genel Not Kaynakça var.
650 #0 - KONU BAŞLIĞI EK GİRİŞ - KONU TERİMİ
Konusal terim veya coğrafi ad Arapça paleografi.
9 (RLIN) 89679
650 #0 - KONU BAŞLIĞI EK GİRİŞ - KONU TERİMİ
Konusal terim veya coğrafi ad Türkçe paleografi.
9 (RLIN) 89680
650 #0 - KONU BAŞLIĞI EK GİRİŞ - KONU TERİMİ
Konusal terim veya coğrafi ad Türk diplomatiği.
9 (RLIN) 36687
650 #0 - KONU BAŞLIĞI EK GİRİŞ - KONU TERİMİ
Konusal terim veya coğrafi ad Diplomatics, Turkish.
9 (RLIN) 10739
650 #0 - KONU BAŞLIĞI EK GİRİŞ - KONU TERİMİ
Konusal terim veya coğrafi ad Paleography, Turkish.
9 (RLIN) 89681
830 1# - SERİ EK GİRİŞİ - TEKBİÇİM ESER ADI
Tekbiçim Başlık Akçağ yayınları ;
Volume number/sequential designation 1056.
9 (RLIN) 89682
830 1# - SERİ EK GİRİŞİ - TEKBİÇİM ESER ADI
Tekbiçim Başlık Türk dili ve dilbilimi ;
Volume number/sequential designation 48.
9 (RLIN) 89683
942 ## - EK GİRİŞ ÖGELERİ (KOHA)
Source of classification or shelving scheme Library of Congress Classification
Koha item type Book
Holdings
Materyal Türü Kalıcı Konum Mevcut Konum Raf Yeri Sınıflandırma Kaynağı Edinim Bilgisi Ana Konular Alt Konular Yer Numarası Demirbaş Numarası Fatura Tarihi Maliyet, Alış Fiyatı Maliyet, Yenileme Fiyatı Geri Çekilme Durumu Kayıp Durumu Hasarlı Durumu Kredi için değil Kayıt Tarih Toplam Ödünçverme Son Görülme Tarihi Son Kontrol Tarihi Satın Alma Notu
Book Prof. Dr. Azmi Özcan Kütüphanesi Prof. Dr. Azmi Özcan Kütüphanesi Uluğbey Salonu Library of Congress Classification Satın TARİHE YARDIMCI BİLİMLER Diplomatik, Arşivler, Mühürler CD251 .K87 2013 0048910 07/07/2015 15.51 15.51         29/06/2015 5 05/12/2024 05/12/2024 B-984687 - B-984797